| 000 | 00830nam a2200193Ia 4500 | ||
|---|---|---|---|
| 008 | 191130s2008##################000#0#eng## | ||
| 020 | _a9780077443535 | ||
| 040 |
_aACL _cACL |
||
| 082 | _a650.01513 SLA | ||
| 100 | _aSlater, Jeffrey | ||
| 245 |
_aPractical business math procedures _cJeffrey Slater |
||
| 250 | _a10th ed | ||
| 260 |
_aBoston, MA _bMcGraw-Hill/Irwin _cc2008 |
||
| 500 | _aIncludes index. Accompanied by: Business math handbook and a four folded page insert. System requirements for accompanying computer disc: PC Pentilum based processor or equivalent; Microsoft Windows 2000/XP, 512MB of RAM, Microsoft; Offixe XP or better; Internet Explorer 6 or better | ||
| 650 | _aBusiness mathematics - Problems, exercises, etc | ||
| 990 | _ac65844f8ac10000c41b08ab2cfce352d | ||
| 991 | _a359656 | ||
| 999 |
_c283712 _d283712 |
||